=LDR 00000nam 2200000 4500 =001 INLIS000000000040103 =005 20130612145704 =008 ***********************************Ind** =035 ##$$0010-061300000040103 =041 ##$$a Ind =082 ##$$a 346.08 =090 ##$$a 346.08, Pra h =100 ##$$a Prawoto,Agus =245 ##$$a Hukum Asuransi dan Kesehatan Perusahaan asuransi, Agus Prawoto =260 ##$$a 1995 $b Yigyakarta =300 ##$$a ix,185 hlm., 23 cm =650 ##$$a Asuransi =850 ##$$a NBPNMAT =990 ##$$a 0001/BPAP-NTB/2016